100 Biggest Cities in Uruguay - Statistics

General Stats
  • This quiz has been taken 249 times
  • The average score is 37 of 100
Answer Stats
Population State City % Correct
1.319.108 Montevideo Montevideo
100%
104.028 Salto Salto
92%
90.690 Paysandú Paysandú
88%
78.900 Rivera Rivera
88%
43.567 Artigas Artigas
86%
86.782 Maldonado Maldonado
86%
54.757 Tacuarembó Tacuarembó
86%
19.865 Canelones Canelones
83%
33.640 Florida Florida
83%
35.466 Durazno Durazno
82%
33.458 Treinta y Tres Treinta y Tres
79%
53.245 Cerro Largo Melo
77%
25.422 Rocha Rocha
77%
12.423 Maldonado Punta del Este
75%
38.446 Lavalleja Minas
72%
112.449 Canelones Ciudad de la Costa
68%
26.231 Colonia Colonia del Sacramento
68%
41.975 Soriano Mercedes
68%
71.268 Canelones Las Piedras
67%
36.747 San José San José de Mayo
64%
25.191 Río Negro Fray Bentos
59%
21.429 Flores Trinidad
59%
9.562 Canelones Atlántida
58%
10.833 Maldonado Piriápolis
58%
3.495 Rocha La Paloma
56%
9.675 Rocha Chuy
55%
25.949 Canelones Pando
54%
18.041 Colonia Carmelo
53%
17.377 Artigas Bella Unión
52%
20.526 Canelones La Paz
52%
16.756 Río Negro Young
52%
15.004 Colonia Nueva Helvecia
50%
27.471 Maldonado San Carlos
50%
12.985 Tacuarembó Paso de los Toros
48%
7.541 Rocha Castillos
42%
19.135 Soriano Dolores
41%
16.742 Canelones Santa Lucía
41%
31.146 San José Ciudad del Plata
40%
10.166 San José Libertad
40%
12.816 Colonia Juan Lacaze
37%
8.626 Canelones Salinas
36%
7.896 Canelones Parque del Plata
35%
6.597 Maldonado Pan de Azúcar
34%
14.604 Cerro Largo Río Branco
34%
7.235 Rivera Tranqueras
34%
10.085 Colonia Rosario
33%
7.176 Durazno Sarandí del Yí
33%
9.857 Colonia Nueva Palmira
32%
7.133 Canelones San Ramón
32%
8.316 Soriano Cardona
31%
31.650 Canelones Barros Blancos
30%
7.645 Rocha Lascano
30%
16.244 Canelones Progreso
30%
5.089 Canelones Tala
30%
14.210 Canelones Toledo
29%
6.632 Colonia Tarariras
28%
2.465 Maldonado Aiguá
26%
7.000 Canelones San Jacinto
26%
6.132 Canelones Sauce
26%
6.130 Florida Sarandí Grande
25%
2.450 Río Negro Nuevo Berlín
23%
3.415 Tacuarembó San Gregorio de Polanco
23%
3.727 Canelones Santa Rosa
23%
2.825 Lavalleja Solís de Mataojo
23%
5.039 Paysandú Guichón
21%
5.118 Lavalleja José Pedro Varela
20%
4.199 Canelones Empalme Olmos
19%
4.774 Canelones Neptunia
19%
1.781 Río Negro San Javier
19%
3.716 Colonia Florencio Sánchez
18%
2.109 Canelones Migues
18%
2.402 Florida Casupá
17%
2.585 San José Ecilda Paullier
17%
3.168 Cerro Largo Fraile Muerto
17%
4.724 Canelones Pinamar
17%
1.973 Canelones San Bautista
17%
3.390 Colonia Ombúes de Lavalle
15%
1.797 Canelones Soca
15%
3.810 Treinta y Tres Vergara
15%
3.788 Rivera Minas de Corrales
14%
2.531 Artigas Baltasar Brum
12%
2.398 Florida Fray Marcos
12%
15.865 Canelones Joaquín Suárez
12%
2.203 Lavalleja José Batlle y Ordóñez
11%
2.120 Soriano José Enrique Rodó
11%
15.908 Canelones Paso Carrasco
11%
1.926 Salto Belén
10%
2.762 Salto Constitución
10%
2.508 Canelones Los Cerrillos
10%
3.543 Canelones Marindia
10%
2.604 San José Rodríguez
10%
3.698 Rivera Vichadero
10%
2.123 Soriano Palmitas
9%
2.659 Artigas Tomás Gomensoro
9%
2.331 Cerro Largo Isidoro Noblía
8%
2.853 Paysandú Quebracho
8%
2.341 Treinta y Tres Santa Clara de Olimar
8%
2.692 Durazno Carmen
7%
9.624 Canelones General Líber Seregni
4%
2.712 Tacuarembó Villa Ansina
2%
No matching quizzes found
Score Distribution
Percent of People with Each Score
Percentile by Number Answered
Your Score History
You have not taken this quiz